Nonparametric functional data analysis : (Record no. 3907)

MARC details
000 -LEADER
fixed length control field 00734nam a22002292 4500
001 - CONTROL NUMBER
control field 0000019306
005 - DATE AND TIME OF LATEST TRANSACTION
control field 20151217145912.0
008 - FIXED-LENGTH DATA ELEMENTS--GENERAL INFORMATION
fixed length control field 101025s xx 000 0 eng d
020 ## - INTERNATIONAL STANDARD BOOK NUMBER
International Standard Book Number 0387303693 :
040 ## - CATALOGING SOURCE
Original cataloging agency KABU
Transcribing agency KABU
100 1# - MAIN ENTRY--PERSONAL NAME
Personal name Ferraty, Frederic.
-- 0000179017
245 10 - TITLE STATEMENT
Title Nonparametric functional data analysis :
Remainder of title theory and practice /
Statement of responsibility, etc. Frederic Ferraty, Philippe Vieu.
250 ## - EDITION STATEMENT
Edition statement 1st ed.
260 ## - PUBLICATION, DISTRIBUTION, ETC. (IMPRINT)
Place of publication, distribution, etc. New York :
Name of publisher, distributor, etc. Springer,
Date of publication, distribution, etc. 2006.
300 ## - PHYSICAL DESCRIPTION
Extent xx, 258 p.
650 #0 - SUBJECT ADDED ENTRY--TOPICAL TERM
Topical term or geographic name as entry element Nonparametric statistics.
-- 0000179018
650 #0 - SUBJECT ADDED ENTRY--TOPICAL TERM
Topical term or geographic name as entry element Multivariate analysis.
-- 0000149891
700 1# - ADDED ENTRY--PERSONAL NAME
Personal name Vieu, Philippe.
-- 0000179019
852 1# - LOCATION
-- 9425 KES
908 ## - PUT COMMAND PARAMETER (RLIN)
Put command parameter 101025
950 ## - LOCAL HOLDINGS (RLIN)
-- 1
Holdings
Withdrawn status Lost status Source of classification or shelving scheme Not for loan Home library Current library Date acquired Total Checkouts Full call number Barcode Date last seen Date last checked out Price effective from Koha item type
    Library of Congress Classification   Kabarak, Main Campus Kabarak, Main Campus 17/12/2015 2 QA278.8 .F37 2006 c. 1 23643 20/04/2018 12/02/2018 17/12/2015 General Collection
Designed with assistance from East African Informatics Ltd